MARC details
| 000 -LEADER |
| campo de control de longitud fija |
02382cam a22003971a 4500 |
| 003 - IDENTIFICADOR DE NÚMERO DE CONTROL |
| campo de control |
BJBSDDR |
| 005 - FECHA Y HORA DE LA ÚLTIMA TRANSACCIÓN |
| campo de control |
20260423110421.0 |
| 007 - CAMPO FIJO DE DESCRIPCIÓN FÍSICA--INFORMACIÓN GENERAL |
| campo de control de longitud fija |
ta |
| 008 - DATOS DE LONGITUD FIJA--INFORMACIÓN GENERAL |
| campo de control de longitud fija |
020919s2003 njua b 001 0 eng |
| 020 ## - NÚMERO INTERNACIONAL ESTÁNDAR DEL LIBRO |
| Número Internacional Estándar del Libro |
047132339X (pbk.) |
| 020 ## - NÚMERO INTERNACIONAL ESTÁNDAR DEL LIBRO |
| Número Internacional Estándar del Libro |
9780471323396 (pbk.) |
| 040 ## - FUENTE DE CATALOGACIÓN |
| Centro catalogador/agencia de origen |
DLC |
| Centro/agencia transcriptor |
DLC |
| Lengua de catalogación |
eng |
| 041 ## - CÓDIGO DE IDIOMA |
| Código de lengua del texto/banda sonora o título independiente |
eng |
| 043 ## - CÓDIGO DE ÁREA GEOGRÁFICA |
| Código de área geográfica |
n-us--- |
| 050 14 - SIGNATURA TOPOGRÁFICA DE LA BIBLIOTECA DEL CONGRESO |
| Número de clasificación |
HD 255 |
| Número de ítem |
M478i 2003 |
| 082 00 - NÚMERO DE LA CLASIFICACIÓN DECIMAL DEWEY |
| Número de clasificación |
332.63/24 |
| 100 1# - ENTRADA PRINCIPAL--NOMBRE DE PERSONA |
| Nombre de persona |
McLean, Andrew James, |
| Fechas asociadas al nombre |
1944- |
| 9 (RLIN) |
24029 |
| 245 10 - MENCIÓN DEL TÍTULO |
| Título |
Investing in real estate / |
| Mención de responsabilidad, etc. |
Andrew McLean & Gary W. Eldred. |
| 246 30 - FORMA VARIANTE DEL TITULO |
| Título propio/Titulo breve |
Real estate |
| 250 ## - MENCION DE EDICION |
| Mención de edición |
Fourth edition |
| 260 ## - PUBLICACIÓN, DISTRIBUCIÓN, ETC. |
| Lugar de publicación, distribución, etc. |
Hoboken, N.J. : |
| Nombre del editor, distribuidor, etc. |
John Wiley & Sons, |
| Fecha de publicación, distribución, etc. |
c2003. |
| 300 ## - DESCRIPCIÓN FÍSICA |
| Extensión |
xvi, 320 pages : |
| Otras características físicas |
illustrations ; |
| Dimensiones |
23 cm. |
| 504 ## - NOTA DE BIBLIOGRAFÍA, ETC. |
| Nota de bibliografía, etc. |
Includes bibliographical references and index. |
| 505 0# - NOTA DE CONTENIDO CON FORMATO |
| Nota de contenido con formato |
1. Why Income Properties Remain Your Best Route to a Prosperous Future; 2. Financing: Borrow Smart, Build Wealth; 3. Appraisal: How to Discover Great Properties; 4. Maximize Cash Flows and Returns; 5. How to Find Bargains; 6. Profiting from Foreclosures; 7. Profiting from REOs and Other Special Sales; 8. Quick Profits Through Fix and Flip; 9. More Techniques for High Yields and Fast Profits; 10. Negotiate a Win-Win Agreement; 11. Managing Your Properties to Increase Their Value; 12. Develop The Best Lease; 13. Sell for Top Dollar; 14. Pay Less Tax; 15. An Income for Life; Internet Appendix; Index. |
| 520 ## - RESUMEN, ETC. |
| Sumario, etc. |
This easy to read guide, packed with examples, shows how you can make money investing in houses and small apartment buildings. Topics covered include owner financing, different approaches to valuation, cash flow, fixer-uppers, foreclosures, and lease options. |
| 650 #0 - PUNTO DE ACCESO ADICIONAL DE MATERIA--TÉRMINO DE MATERIA |
| Término de materia o nombre geográfico como elemento de entrada |
Real estate investment |
| Subdivisión geográfica |
United States. |
| 650 #4 - PUNTO DE ACCESO ADICIONAL DE MATERIA--TÉRMINO DE MATERIA |
| Término de materia o nombre geográfico como elemento de entrada |
Bienes raíces |
| 9 (RLIN) |
6654 |
| Subdivisión geográfica |
Estados Unidos |
| 650 #4 - PUNTO DE ACCESO ADICIONAL DE MATERIA--TÉRMINO DE MATERIA |
| Término de materia o nombre geográfico como elemento de entrada |
Inversión inmobiliaria |
| 9 (RLIN) |
47085 |
| 700 1# - ENTRADA AGREGADA--NOMBRE PERSONAL |
| Nombre de persona |
Eldred, Gary W., |
| Fechas asociadas al nombre |
1944- |
| 9 (RLIN) |
24032 |
| 856 42 - LOCALIZACIÓN Y ACCESO ELECTRÓNICOS |
| Materiales especificados |
Contributor biographical information |
| Identificador Uniforme de Recursos |
<a href="http://www.loc.gov/catdir/bios/wiley045/2002190904.html">http://www.loc.gov/catdir/bios/wiley045/2002190904.html</a> |
| 856 42 - LOCALIZACIÓN Y ACCESO ELECTRÓNICOS |
| Materiales especificados |
Publisher description |
| Identificador Uniforme de Recursos |
<a href="http://www.loc.gov/catdir/description/wiley039/2002190904.html">http://www.loc.gov/catdir/description/wiley039/2002190904.html</a> |
| 856 41 - LOCALIZACIÓN Y ACCESO ELECTRÓNICOS |
| Materiales especificados |
Table of contents |
| Identificador Uniforme de Recursos |
<a href="http://www.loc.gov/catdir/toc/wiley031/2002190904.html">http://www.loc.gov/catdir/toc/wiley031/2002190904.html</a> |
| 906 ## - ELEMENTOS DE DATOS F LOCAL, LDF (RLIN) |
| a |
7 |
| b |
cbc |
| c |
orignew |
| d |
1 |
| e |
ocip |
| f |
20 |
| g |
y-gencatlg |
| 942 ## - ELEMENTOS DE ENTRADA SECUNDARIOS (KOHA) |
| Fuente del sistema de clasificación o colocación |
Clasificación de Library of Congress |
| Tipo de ítem Koha |
Libro |